000 00788nam a22002657a 4500
001 BR6002699
003 BR-BrBNA
005 20230928083134.0
007 ta
008 230509b bl.||||| |||| 00| 0 por d
040 _aBR-BrBNA
_bpor
_cBiblioteca Nacional de Agricultura
041 _a(Por)
072 _aF01
_b0590
090 _ 0590 BR6002699
100 1 _aBarretto, U.P.
110 1 _aSecretaria da Agricultura, Industria e Commercio do Estado de Sao Paulo, Sao Paulo (Brasil). Directoria de Publicidade Agricola
245 1 _aCultura pratica da urena lobata
260 3 _aSao Paulo, SP (Brasil):
_c1944.
300 _a82 p.
650 _aMALVA BRANCA
650 _aCOMERCIALIZACAO
650 _aPRATICA CULTURAL
909 _a202309
_bLucia
_c55
_dLucia Elande
942 _cBK
999 _c11772
_d11772